Normal view
MARC view
- Leblanc, Rena Dictor.
Entry Personal Name
001 - CONTROL NUMBER
- control field: 61643
003 - CONTROL NUMBER IDENTIFIER
- control field: OSt
005 - DATE AND TIME OF LATEST TRANSACTION
- control field: 20240924175240.0
008 - FIXED-LENGTH DATA ELEMENTS
- fixed length control field: 240924|| aca||aabn | a|a d
040 ## - CATALOGING SOURCE
- Original cataloging agency: OSt
- Transcribing agency: OSt
100 ## - HEADING--PERSONAL NAME
- Personal name: Leblanc, Rena Dictor.
- Relator term: author.
670 ## - SOURCE DATA FOUND
- Source citation: Work cat.: (OSt): Leblanc, Rena Dictor. author., Amy's choice /, January- May 2023.
